|
|
|
|
| LEADER |
00837nam a22002292a 4500 |
| 001 |
000379379 |
| 003 |
CZ BrMZK |
| 005 |
20170815120953.0 |
| 008 |
980107s1975 xo f slo d |
| 040 |
|
|
|a BOA001
|b cze
|
| 100 |
1 |
|
|a Komadel, Ľudovít,
|d 1927-2022
|7 jn20000603473
|
| 245 |
1 |
0 |
|a Otužovanie dieťaťa /
|c Ľudovít Komadel
|
| 250 |
|
|
|a 2. vyd.
|
| 260 |
|
|
|a Bratislava :
|b Ústav zdravotnej výchovy,
|c 1975
|
| 300 |
|
|
|a 14 s.
|
| 490 |
1 |
|
|a Zdravotnícke aktuality ;
|v zv. 87
|
| 830 |
|
0 |
|a Zdravotnícke aktuality
|
| 910 |
|
|
|a BOA001
|b PK-0065.079
|b X-0683.251-75
|
| 964 |
|
|
|a Děti - otužování - návody
|
| 990 |
|
|
|a BK
|
| 996 |
7 |
|
|b 2618907856
|c X-0683.251-75
|l MZK
|r Sklad / do 24 hodin
|n 0
|w 000379379
|u 000020
|a 1
|e BOA001
|j MZK50
|s A
|
| 996 |
7 |
|
|b 3119812666
|c PK-0065.079
|l MZK
|r Sklad / do 1 hodiny
|n 0
|w 000379379
|u 000010
|a 1
|e BOA001
|j MZK50
|s A
|